Tvorba a použitie sociálneho fondu
Právne úpravy sociálneho fondu. Tvorba a použitie sociálneho fondu. Sociálny fond a zákon o daniach z príjmov - príklady. Sociálny fond a účtovníctvo.
Gespeichert in:
| 1. Verfasser: | |
|---|---|
| Format: | Buchkapitel |
| Sprache: | Slowakisch |
| Schlagworte: | |
| Tags: |
Keine Tags, Fügen Sie das erste Tag hinzu!
|
MARC
| LEADER | 00000naa a2200000 4500 | ||
|---|---|---|---|
| 001 | r048541 | ||
| 005 | 20231002123920.5 | ||
| 041 | 0 | |a slo | |
| 044 | |a SK | ||
| 245 | 1 | 0 | |a Tvorba a použitie sociálneho fondu |c Dušan Dobšovič |
| 520 | |a Právne úpravy sociálneho fondu. Tvorba a použitie sociálneho fondu. Sociálny fond a zákon o daniach z príjmov - príklady. Sociálny fond a účtovníctvo. | ||
| 610 | 2 | 0 | |a fond sociálny |
| 610 | 2 | 0 | |a úpravy právne |
| 610 | 2 | 0 | |a tvorba fondov podnikových |
| 610 | 2 | 0 | |a dane z príjmov |
| 610 | 2 | 0 | |a účtovníctvo |
| 100 | 1 | |a Dobšovič, Dušan | |